[Event "ch-ISL 2016"]
[Site "Reykjavik ISL"]
[Date "2016.06.07"]
[Round "7.6"]
[White "Johannsson, Orn Leo"]
[Black "Ingvason, Johann"]
[Result "0-1"]
[WhiteElo "2226"]
[BlackElo "2142"]
[WhiteFideId "2303051"]
[BlackFideId "2301431"]
[EventDate "2016.05.31"]

1. e4 c5 2. Nf3 d6 3. Bb5+ Nc6 4. Bxc6+ bxc6 5. O-O e5 6. c3 Bg4 7. d4 cxd4 8.
cxd4 exd4 9. Qa4 Qb6 10. Nxd4 Bd7 11. Qd1 Nf6 12. Nc3 Be7 13. Nb3 O-O 14. Bg5
Bg4 15. Qd3 a5 16. Qg3 a4 17. Be3 c5 18. Nd2 Qxb2 19. Rfc1 Qb7 20. f4 Bd7 21. f5
Kh8 22. Rab1 Qc7 23. Nb5 Bxb5 24. Rxb5 Qc6 25. Rb4 Rfb8 26. Rxb8+ Rxb8 27. Rxc5
Qb7 28. Rc4 Qb5 29. Bd4 Qxc4 30. Nxc4 Rb1+ 31. Kf2 Nxe4+ 32. Ke3 Nxg3 33. hxg3
f6 34. Nb6 a3 35. Kd3 Kg8 36. Kc2 Rb5 37. g4 d5 38. Kd3 Bc5 39. Nxd5 Bxd4 40.
Kxd4 Rb2 41. Nc3 Rxg2 42. Kc4 Rxg4+ 43. Kb3 Rg3 0-1

[Event "ch-ISL 2016"]
[Site "Reykjavik ISL"]
[Date "2016.06.08"]
[Round "8.1"]
[White "Thorfinnsson, Bjorn"]
[Black "Ingvason, Johann"]
[Result "1-0"]
[WhiteTitle "IM"]
[WhiteElo "2410"]
[BlackElo "2142"]
[WhiteFideId "2300982"]
[BlackFideId "2301431"]
[EventDate "2016.05.31"]

1. c4 e5 2. g3 Nf6 3. Bg2 Nc6 4. Nc3 Bc5 5. Nf3 O-O 6. O-O Re8 7. e3 Bb4 8. Nd5
e4 9. Nh4 Bd6 10. f3 Nxd5 11. cxd5 exf3 12. Bh3 Ne5 13. d4 Ng6 14. Nf5 Bf8 15.
Qxf3 d6 16. e4 Nh8 17. Bg2 f6 18. g4 Nf7 19. h4 Qd7 20. g5 g6 21. Nh6+ Nxh6 22.
gxh6 f5 23. exf5 Qxf5 24. Qc3 Qg4 25. Bg5 Re2 26. Rf2 Rxf2 27. Kxf2 Bxh6 28. Bf3
Qf5 29. Bxh6 Bd7 30. Qe3 Re8 31. Qf4 Qc2+ 32. Qd2 Qa4 33. b3 Qa6 34. Re1 Rxe1
35. Qxe1 Qxa2+ 36. Kg3 Kf7 37. Bg5 1-0

[Event "ch-ISL 2016"]
[Site "Reykjavik ISL"]
[Date "2016.06.08"]
[Round "8.2"]
[White "Gislason, Gudmundur"]
[Black "Johannsson, Orn Leo"]
[Result "1/2-1/2"]
[WhiteTitle "FM"]
[WhiteElo "2280"]
[BlackElo "2226"]
[WhiteFideId "2300559"]
[BlackFideId "2303051"]
[EventDate "2016.05.31"]

1. Nf3 d5 2. c4 c6 3. g3 Nf6 4. Bg2 Bg4 5. Ne5 Be6 6. d4 Nbd7 7. O-O dxc4 8. f4
Bd5 9. Bh3 e6 10. Nc3 Bb4 11. Nxd5 exd5 12. b3 Qb6 13. Nxd7 Nxd7 14. e3 c3 15.
Bxd7+ Kxd7 16. Qg4+ Kc7 17. Qxg7 Raf8 18. Qf6 Qb5 19. Qf5 Qe2 20. Rf2 Qe1+ 21.
Kg2 h5 22. Qd3 c2 23. Rxc2 Re8 24. a3 Bd6 25. Re2 Qa5 26. Bd2 Qb5 27. Qxb5 cxb5
28. a4 b4 29. Kf3 f5 30. a5 Kc6 31. h3 Kb5 32. Rg2 Reg8 33. Rgg1 Rh7 34. Rg2
Rhg7 35. Rag1 Kxa5 36. g4 hxg4+ 37. hxg4 b5 38. gxf5 Rxg2 39. Rxg2 Rxg2 40. Kxg2
Kb6 41. Kf3 a5 42. Kg4 a4 43. Kg5 axb3 44. Bc1 b2 45. Bxb2 Ka5 46. Kf6 Ka4 47.
Ke6 Bf8 48. Kf7 Bd6 49. f6 Kb3 50. Ke6 Bf8 51. e4 dxe4 52. Kf7 e3 53. Kxf8 e2
54. d5 Kxb2 55. d6 e1=Q 56. d7 Qd2 57. Ke7 Qe3+ 58. Kf7 Qd4 59. Ke7 Qc5+ 60. Ke8
Qc6 61. Ke7 Qc5+ 62. Ke8 Qc6 63. Ke7 Qe4+ 64. Kf8 Qd5 65. Ke7 Qc5+ 1/2-1/2

[Event "ch-ISL 2016"]
[Site "Reykjavik ISL"]
[Date "2016.06.08"]
[Round "8.3"]
[White "Kjartansson, David"]
[Black "Kjartansson, Gudmundur"]
[Result "1-0"]
[WhiteTitle "FM"]
[BlackTitle "IM"]
[WhiteElo "2371"]
[BlackElo "2457"]
[WhiteFideId "2301130"]
[BlackFideId "2301318"]
[EventDate "2016.05.31"]

1. d4 d5 2. c4 e6 3. Nf3 Nf6 4. Nc3 c6 5. e3 Nbd7 6. Qc2 Bd6 7. Bd3 O-O 8. b3 e5
9. dxe5 Nxe5 10. cxd5 Nxf3+ 11. gxf3 cxd5 12. Bb2 Bh3 13. Rg1 Rc8 14. Qd2 Re8
15. Nb5 Bb8 16. Qb4 d4 17. Qxd4 Kh8 18. Rd1 Qxd4 19. Nxd4 Rc5 20. Kd2 Rh5 21.
Bc4 Kg8 22. Ne2 Kf8 23. Ng3 Rh4 24. Ke2 Bc8 25. Bb5 Bc7 26. Bxf6 gxf6 27. Bxe8
Kxe8 28. Ne4 Be6 29. Nxf6+ Ke7 30. Nd5+ Bxd5 31. Rxd5 Rxh2 32. f4 Ke6 33. Rc5
Bd6 34. Rcc1 Rh5 35. Rg5 Rh2 36. Kf3 a6 37. Rd1 Be7 38. Re5+ Kf6 39. Rd7 1-0

[Event "ch-ISL 2016"]
[Site "Reykjavik ISL"]
[Date "2016.06.08"]
[Round "8.4"]
[White "Hjartarson, Johann"]
[Black "Jensson, Einar Hjalti"]
[Result "1-0"]
[WhiteTitle "GM"]
[BlackTitle "IM"]
[WhiteElo "2547"]
[BlackElo "2370"]
[WhiteFideId "2300044"]
[BlackFideId "2301067"]
[EventDate "2016.05.31"]

1. c4 c6 2. Nf3 d5 3. d4 e6 4. e3 Bd6 5. Bd3 f5 6. O-O Nf6 7. b3 Qe7 8. Bb2 O-O
9. Nbd2 Nbd7 10. Ne5 Ne4 11. f3 Nxd2 12. Qxd2 Nxe5 13. dxe5 Bc5 14. Kh1 b6 15.
f4 a5 16. Rf3 h5 17. Rg3 Kf7 18. Rf1 g6 19. Rff3 Rg8 20. cxd5 cxd5 21. Qd1 Ba6
22. Bxa6 Rxa6 23. Rg5 Qf8 24. Rh3 Rg7 25. Bd4 a4 26. bxa4 Ra8 27. Qb3 Qe8 28.
Bxc5 bxc5 29. Rf3 Rb8 30. Qd3 Qxa4 31. Rf1 Qxa2 32. h3 Rb3 33. Qd1 Rxe3 34. Kh2
Rg8 35. Qc1 Qa3 36. Qd1 c4 37. Qd4 Rd3 38. Qb6 Rb3 39. Qc6 Qe7 40. Ra1 Qb7 41.
Qd6 Rb6 42. Qc5 Rc8 43. Qf2 Rb8 44. Qg3 Rb3 45. Qh4 Qe7 46. Ra6 R3b6 47. Ra4 Qe8
48. Ra7+ R8b7 49. Ra5 Rc7 50. g4 Rb2+ 51. Kg1 c3 52. Rc5 Rxc5 53. Rxg6 Kxg6 54.
Qxh5+ Kg7 55. Qxe8 Rb7 56. Qxe6 Rf7 57. g5 Rcc7 58. Qh6+ Kg8 59. Qg6+ Kf8 60.
Qd6+ Rfe7 61. Qf6+ Ke8 62. Qg6+ Kd7 63. Qxf5+ Kc6 64. Kf2 Kb7 65. Qc2 Rc4 66.
Kf3 Kc6 67. g6 d4 68. Ke4 Kc5 69. f5 Rd7 70. Kd3 Rd5 71. Qa2 Rb4 72. Qa5+ Rb5
73. Qc7+ Kb4 74. Qc4+ Ka3 75. g7 Rbc5 76. Qxd5 Rxd5 77. g8=Q Rc5 78. Qf8 1-0

[Event "ch-ISL 2016"]
[Site "Reykjavik ISL"]
[Date "2016.06.08"]
[Round "8.5"]
[White "Thorfinnsson, Bragi"]
[Black "Gretarsson, Hjorvar Steinn"]
[Result "1/2-1/2"]
[WhiteTitle "IM"]
[BlackTitle "GM"]
[WhiteElo "2426"]
[BlackElo "2580"]
[WhiteFideId "2300958"]
[BlackFideId "2302241"]
[EventDate "2016.05.31"]

1. d4 Nf6 2. c4 e6 3. Nf3 b6 4. Bf4 Bb7 5. e3 d5 6. Nc3 Be7 7. Qa4+ c6 8. cxd5
Nxd5 9. Nxd5 exd5 10. Be2 Nd7 11. O-O O-O 12. Rac1 a5 13. Qc2 Rc8 14. Rfd1 c5
15. dxc5 bxc5 16. Ne5 Nxe5 17. Bxe5 Qb6 18. Bf3 Rfd8 19. Rd3 Qe6 20. Bc3 Ba6 21.
Rd2 d4 22. Bxa5 dxe3 23. Rxd8+ Bxd8 24. Bxd8 Rxd8 25. fxe3 Qxa2 26. b3 Qxc2 27.
Rxc2 Rc8 28. Ra2 Bd3 29. Bd5 Bf5 30. Ra6 Kf8 31. e4 Bd7 32. Ra7 Be6 33. Bxe6
fxe6 34. Kf2 Rb8 35. Ra5 Rxb3 36. Rxc5 1/2-1/2

[Event "ch-ISL 2016"]
[Site "Reykjavik ISL"]
[Date "2016.06.08"]
[Round "8.6"]
[White "Gunnarsson, Jon Viktor"]
[Black "Steingrimsson, Hedinn"]
[Result "1/2-1/2"]
[WhiteTitle "IM"]
[BlackTitle "GM"]
[WhiteElo "2454"]
[BlackElo "2574"]
[WhiteFideId "2300931"]
[BlackFideId "2300117"]
[EventDate "2016.05.31"]

1. e4 e5 2. Nf3 Nc6 3. Bc4 Nf6 4. d3 Bc5 5. O-O d6 6. c3 h6 7. Nbd2 O-O 8. Re1
a6 9. Bb3 Be6 10. h3 Re8 11. Bxe6 Rxe6 12. Nf1 d5 13. Qc2 Qd7 14. Ng3 a5 15. Bd2
Rae8 16. Rad1 Bf8 17. Nf5 Kh7 18. g4 g6 19. Ng3 Rd6 20. Kg2 Bg7 21. a3 dxe4 22.
dxe4 Rd8 23. Re2 b5 24. Rc1 Qe6 25. Be3 a4 26. g5 Ne8 27. h4 h5 28. c4 Na5 29.
cxb5 Nb3 30. Rce1 Rb8 31. Nd2 Rxb5 32. Nxb3 axb3 33. Qb1 c5 34. Rc1 c4 35. Rc3
Ra5 36. Qe1 Ra4 37. Bc5 Rc6 38. Bb4 Nc7 39. Rd2 Na6 40. Qd1 Nxb4 41. axb4 Rxb4
42. Rd7 Rb8 43. Qd5 Kg8 44. Qxe6 fxe6 45. Nf1 Bf8 46. Nd2 Rbc8 47. Rb7 Bd6 48.
Kf1 Kh8 49. Ke2 Kg8 50. Kf1 Kh8 1/2-1/2

[Event "ch-ISL 2016"]
[Site "Reykjavik ISL"]
[Date "2016.06.09"]
[Round "9.1"]
[White "Steingrimsson, Hedinn"]
[Black "Thorfinnsson, Bjorn"]
[Result "1-0"]
[WhiteTitle "GM"]
[BlackTitle "IM"]
[WhiteElo "2574"]
[BlackElo "2410"]
[WhiteFideId "2300117"]
[BlackFideId "2300982"]
[EventDate "2016.05.31"]

1. d4 e6 2. e4 b6 3. Nf3 Bb7 4. Bd3 c5 5. c3 Nf6 6. Nbd2 Nc6 7. a3 Be7 8. b4 Qc7
9. O-O a5 10. b5 Nb8 11. Qe2 d5 12. e5 Nh5 13. Nb1 g6 14. Bh6 Bf8 15. Qd2 f5 16.
exf6 Nd7 17. Bxf8 Nxf8 18. Qg5 Qf7 19. Nbd2 Rc8 20. Rfe1 Qxf6 21. Re3 Qxg5 22.
Nxg5 Ng7 23. Rf3 Rc7 24. dxc5 bxc5 25. b6 Re7 26. Bb5+ Nd7 27. Nb3 d4 28. Nxc5
Bxf3 29. Nxf3 Kd8 30. Bxd7 Rxd7 31. Nxd4 Rf7 32. Rb1 e5 33. Nc6+ Kc8 34. b7+ 1-0

[Event "ch-ISL 2016"]
[Site "Reykjavik ISL"]
[Date "2016.06.09"]
[Round "9.2"]
[White "Gretarsson, Hjorvar Steinn"]
[Black "Gunnarsson, Jon Viktor"]
[Result "1/2-1/2"]
[WhiteTitle "GM"]
[BlackTitle "IM"]
[WhiteElo "2580"]
[BlackElo "2454"]
[WhiteFideId "2302241"]
[BlackFideId "2300931"]
[EventDate "2016.05.31"]

1. d4 Nf6 2. c4 e6 3. Nf3 d5 4. g3 Be7 5. Bg2 O-O 6. O-O dxc4 7. Ne5 Nc6 8. Nxc6
bxc6 9. Na3 Bxa3 10. bxa3 Rb8 11. Qd2 c5 12. dxc5 e5 13. Qa5 Bg4 14. Re1 h6 15.
Be3 Rb2 16. h3 Bh5 17. g4 Bg6 18. c6 Re8 19. Rac1 Rxa2 20. Rxc4 e4 21. Qxa7 Qd6
22. a4 h5 23. g5 Nd5 24. Qd4 Qe6 25. Rc5 Nxe3 26. fxe3 Bf5 27. h4 Bh3 28. Qd7
Qxd7 29. cxd7 Bxd7 30. Rxc7 Bxa4 31. Rb1 Rxe2 32. Rbb7 Rd8 33. Rxf7 Rd1+ 34. Bf1
Be8 35. Rxg7+ Kf8 36. Rh7 Kg8 37. Rbg7+ Kf8 38. Rc7 Kg8 39. Rhg7+ Kf8 40. Rh7
Kg8 41. Rhe7 Kf8 42. Rxe4 Bg6 43. Rf4+ Kg8 44. Rf6 Be4 45. Rf2 Rxe3 46. Kh2 Bd5
47. Rc8+ Kg7 48. Rc7+ Kg8 49. Rc8+ Kg7 50. Rc7+ Kg8 51. Rd7 1/2-1/2

[Event "ch-ISL 2016"]
[Site "Reykjavik ISL"]
[Date "2016.06.09"]
[Round "9.3"]
[White "Jensson, Einar Hjalti"]
[Black "Thorfinnsson, Bragi"]
[Result "0-1"]
[WhiteTitle "IM"]
[BlackTitle "IM"]
[WhiteElo "2370"]
[BlackElo "2426"]
[WhiteFideId "2301067"]
[BlackFideId "2300958"]
[EventDate "2016.05.31"]

1. c4 c5 2. Nc3 g6 3. g3 Bg7 4. Bg2 Nc6 5. Nf3 d6 6. O-O Bf5 7. d3 Qd7 8. Nd5
Nf6 9. Re1 O-O 10. Rb1 Bh3 11. Bh1 Rab8 12. Ng5 Bg4 13. f3 Be6 14. Nxe6 fxe6 15.
Nc3 e5 16. a3 a5 17. Bd2 e6 18. Bg2 Kh8 19. Qa4 d5 20. Red1 Qf7 21. Rf1 Rbd8 22.
Kh1 h6 23. Nb5 g5 24. Be3 b6 25. Bg1 Ng8 26. Nc3 Nge7 27. Na2 Qh5 28. e3 e4 29.
fxe4 dxe4 30. Bxe4 Ne5 31. Qd1 g4 32. Nc3 Nf3 33. Ne2 e5 34. b4 Nf5 35. bxc5
bxc5 36. Rb6 Nxe3 37. Qc1 Nxf1 38. Qxf1 Nxh2 39. Qxf8+ Rxf8 40. Bxh2 Rf2 41.
Rb8+ Bf8 42. Bg2 Rxe2 43. Rxf8+ Kg7 44. Rf1 Rc2 45. Rb1 Qg5 46. Bg1 Rc1 47. Rxc1
Qxc1 48. a4 Kf6 49. Kh2 Qa3 50. Be4 Qxa4 51. Bxc5 Qc2+ 52. Kg1 a4 53. Bd6 a3 0-1

[Event "ch-ISL 2016"]
[Site "Reykjavik ISL"]
[Date "2016.06.09"]
[Round "9.4"]
[White "Kjartansson, Gudmundur"]
[Black "Hjartarson, Johann"]
[Result "1/2-1/2"]
[WhiteTitle "IM"]
[BlackTitle "GM"]
[WhiteElo "2457"]
[BlackElo "2547"]
[WhiteFideId "2301318"]
[BlackFideId "2300044"]
[EventDate "2016.05.31"]

1. Nf3 Nf6 2. g3 b6 3. Bg2 Bb7 4. O-O e6 5. c4 Be7 6. d4 O-O 7. Re1 d5 8. cxd5
exd5 9. Nc3 Na6 10. Bf4 Re8 11. Ne5 c5 12. e3 h6 13. h4 Nc7 14. dxc5 bxc5 15.
Nc4 Rc8 16. Qa4 Ba8 17. Rad1 Ne6 18. Be5 d4 19. Bxa8 Rxa8 20. Ne2 Ng4 21. exd4
Qd5 22. Qb3 cxd4 23. Nxd4 Bc5 24. Na5 Rad8 25. Qxd5 Rxd5 26. Ndc6 Bxf2+ 27. Kh1
Rxd1 28. Rxd1 Nxe5 29. Nxe5 Bxg3 30. Nac6 Bxh4 31. Rd7 Nd8 32. Rxa7 Nxc6 33.
Nxc6 Re2 34. b4 Rb2 35. a4 f5 36. Rb7 Bf6 37. a5 Ra2 38. b5 f4 39. Rd7 f3 40.
Rd1 Bh4 41. Rf1 Bf2 42. b6 Bxb6 43. axb6 Rb2 44. Rxf3 Rxb6 1/2-1/2

[Event "ch-ISL 2016"]
[Site "Reykjavik ISL"]
[Date "2016.06.09"]
[Round "9.5"]
[White "Johannsson, Orn Leo"]
[Black "Kjartansson, David"]
[Result "1-0"]
[BlackTitle "FM"]
[WhiteElo "2226"]
[BlackElo "2371"]
[WhiteFideId "2303051"]
[BlackFideId "2301130"]
[EventDate "2016.05.31"]

1. e4 e6 2. d4 d5 3. Nd2 Nf6 4. e5 Nfd7 5. Bd3 c5 6. c3 Nc6 7. Ne2 Qb6 8. Nf3
Be7 9. O-O a5 10. b3 h6 11. a3 g5 12. Be3 cxd4 13. cxd4 Nf8 14. Ne1 Bd7 15. Nc2
Ng6 16. Bxg6 fxg6 17. Qd3 O-O-O 18. b4 Kb8 19. Rfb1 a4 20. Nc3 Na7 21. b5 Rc8
22. Nxa4 Bxb5 23. Qd2 Qc7 24. Nc5 Rhe8 25. a4 Bxc5 26. dxc5 Bc4 27. Nd4 Qxe5 28.
Qb2 Qc7 29. Nb5 Qc6 30. Qe5+ Ka8 31. Nxa7 Kxa7 32. Rb6 Qc7 33. c6 Qxb6 34. Bxb6+
Kxb6 35. cxb7 Kxb7 36. Rb1+ Kc6 37. a5 Kc5 38. Rb6 Rc6 39. Qe3+ Kd6 40. Rxc6+
Kxc6 41. Qb6+ Kd7 42. a6 Bxa6 43. Qxa6 Ke7 44. Qa7+ Kf6 45. Qd4+ Kf7 46. g3 Rc8
47. Kg2 Rc4 48. Qd3 g4 49. Qe3 h5 50. Qh6 Re4 51. Qh7+ Kf6 52. Qg8 Rc4 53. Qf8+
Ke5 54. Qg7+ Kd6 55. Qxg6 d4 56. Qxh5 d3 57. Qg5 Rd4 58. Qd2 Kd5 59. f3 e5 60.
Kf2 1-0

[Event "ch-ISL 2016"]
[Site "Reykjavik ISL"]
[Date "2016.06.09"]
[Round "9.6"]
[White "Ingvason, Johann"]
[Black "Gislason, Gudmundur"]
[Result "0-1"]
[BlackTitle "FM"]
[WhiteElo "2142"]
[BlackElo "2280"]
[WhiteFideId "2301431"]
[BlackFideId "2300559"]
[EventDate "2016.05.31"]

1. e4 c5 2. Nf3 e6 3. d4 cxd4 4. Nxd4 Nc6 5. Nc3 Qc7 6. Be2 a6 7. Be3 Nf6 8. O-O
Bb4 9. Na4 Bd6 10. Nxc6 bxc6 11. Nb6 Rb8 12. Nxc8 Rxc8 13. g3 Rb8 14. Qd3 O-O
15. b3 Be5 16. Rad1 d5 17. f4 dxe4 18. Qxa6 Bd6 19. Qc4 Nd5 20. Bc5 Bxc5+ 21.
Qxc5 Qb6 22. Qxb6 Rxb6 23. Ra1 Ra8 24. a4 Ra5 25. Kf2 Kf8 26. Rfd1 Ke7 27. Rd4
f5 28. Rad1 Kf6 29. Bc4 e5 30. fxe5+ Kxe5 31. Bxd5 Rxd5 32. Rxd5+ cxd5 33. Ke3
Rc6 34. Kd2 d4 35. a5 e3+ 36. Kc1 Ke4 37. Kb2 e2 38. Ra1 Ke3 39. a6 Kd2 40. a7
Rxc2+ 41. Ka3 Rc8 42. b4 Ra8 0-1

[Event "ch-ISL 2016"]
[Site "Reykjavik ISL"]
[Date "2016.06.10"]
[Round "10.1"]
[White "Thorfinnsson, Bjorn"]
[Black "Gislason, Gudmundur"]
[Result "1-0"]
[WhiteTitle "IM"]
[BlackTitle "FM"]
[WhiteElo "2410"]
[BlackElo "2280"]
[WhiteFideId "2300982"]
[BlackFideId "2300559"]
[EventDate "2016.05.31"]

1. c4 Nf6 2. Nc3 g6 3. d4 Bg7 4. e4 O-O 5. Nf3 d6 6. Be2 Bg4 7. Be3 Nfd7 8. Qd2
e5 9. d5 f5 10. exf5 gxf5 11. Bh6 Bxh6 12. Qxh6 Bxf3 13. gxf3 Qf6 14. Qh3 Kh8
15. O-O-O a6 16. Rhg1 Nb6 17. Bd3 N8d7 18. Rg4 Nc5 19. Bc2 Rf7 20. Rh4 Rg8 21.
b3 e4 22. fxe4 fxe4 23. Kb1 Nd3 24. Bxd3 exd3 25. Ne4 Qe7 26. Rxd3 Rg1+ 27. Kb2
Qe5+ 28. Ka3 Qa1 29. Qe3 Rb1 30. Ng5 Qb2+ 31. Kb4 c5+ 32. dxc6 a5+ 33. Kb5 1-0

[Event "ch-ISL 2016"]
[Site "Reykjavik ISL"]
[Date "2016.06.10"]
[Round "10.2"]
[White "Kjartansson, David"]
[Black "Ingvason, Johann"]
[Result "1-0"]
[WhiteTitle "FM"]
[WhiteElo "2371"]
[BlackElo "2142"]
[WhiteFideId "2301130"]
[BlackFideId "2301431"]
[EventDate "2016.05.31"]

1. d4 Nf6 2. c4 e6 3. Nc3 Bb4 4. Qc2 Bxc3+ 5. Qxc3 b5 6. cxb5 a6 7. Bg5 axb5 8.
e3 Bb7 9. Nf3 h6 10. Bh4 Bxf3 11. gxf3 c6 12. Bg3 Nd5 13. Qd2 Qe7 14. e4 Nb6 15.
Bd3 d5 16. O-O Qf6 17. Be2 O-O 18. Kh1 Nc4 19. Qc3 b4 20. Qxb4 Qxd4 21. Bxc4 Na6
22. Qc3 Qxc3 23. bxc3 dxc4 24. Bd6 Rfd8 25. e5 Nb8 26. Rfb1 Nd7 27. Rb7 Nf8 28.
a4 Ng6 29. a5 Ra6 30. Rb6 Rda8 31. Rxa6 Rxa6 32. Ra4 Kh7 33. Bc7 Nf4 34. Rxc4 g5
35. Bb6 Nd3 36. Rxc6 Nxe5 37. Rc7 Ra8 38. Ra7 Rc8 39. Bd4 Nc6 40. Rxf7+ Kg8 41.
Rg7+ Kf8 42. Rh7 Kg8 43. Rh8+ 1-0

[Event "ch-ISL 2016"]
[Site "Reykjavik ISL"]
[Date "2016.06.10"]
[Round "10.3"]
[White "Hjartarson, Johann"]
[Black "Johannsson, Orn Leo"]
[Result "1-0"]
[WhiteTitle "GM"]
[WhiteElo "2547"]
[BlackElo "2226"]
[WhiteFideId "2300044"]
[BlackFideId "2303051"]
[EventDate "2016.05.31"]

1. e4 e6 2. d4 d5 3. e5 c5 4. c3 Qb6 5. Nf3 Bd7 6. Bd3 Bb5 7. dxc5 Bxc5 8. b4
Bxd3 9. Qxd3 Be7 10. O-O Nd7 11. Re1 h5 12. Na3 Nh6 13. Be3 Qd8 14. Nb5 a6 15.
Nd6+ Kf8 16. Nxb7 Qc7 17. Na5 Nf5 18. Bd2 g5 19. Qe2 g4 20. Nd4 Bxb4 21. Nxe6+
fxe6 22. cxb4 Kf7 23. Rac1 Qb6 24. a3 Rac8 25. Nb3 Nd4 26. Nxd4 Qxd4 27. Be3
Qxe5 28. Qxa6 Rxc1 29. Rxc1 d4 30. Bd2 Qd5 31. Rc7 Kf6 32. Qa4 Ne5 33. Qc2 h4
34. Rc5 Qa8 35. Bf4 Nf7 36. Qe2 h3 37. Qxg4 Qxg2+ 38. Qxg2 hxg2 39. a4 e5 40.
Bd2 Rg8 1-0

[Event "ch-ISL 2016"]
[Site "Reykjavik ISL"]
[Date "2016.06.10"]
[Round "10.4"]
[White "Thorfinnsson, Bragi"]
[Black "Kjartansson, Gudmundur"]
[Result "0-1"]
[WhiteTitle "IM"]
[BlackTitle "IM"]
[WhiteElo "2426"]
[BlackElo "2457"]
[WhiteFideId "2300958"]
[BlackFideId "2301318"]
[EventDate "2016.05.31"]

1. Nf3 Nf6 2. c4 b6 3. Nc3 Bb7 4. d4 e6 5. a3 d5 6. cxd5 Nxd5 7. Bd2 Nd7 8. Qc2
c5 9. e4 Nxc3 10. Bxc3 cxd4 11. Nxd4 a6 12. Be2 Qc7 13. O-O Be7 14. Rac1 O-O 15.
Qb1 Qf4 16. Bd3 Nc5 17. Ne2 Qg4 18. Ng3 Nxd3 19. Qxd3 Rfd8 20. Qc2 h5 21. Rfe1
h4 22. h3 Qg6 23. Nf1 f5 24. f3 fxe4 25. fxe4 Bc5+ 26. Kh1 Rf8 27. Re2 Rf4 28.
Be5 Bxe4 29. Qd2 Rf3 30. Rxc5 Rxf1+ 31. Kh2 bxc5 0-1

[Event "ch-ISL 2016"]
[Site "Reykjavik ISL"]
[Date "2016.06.10"]
[Round "10.5"]
[White "Gunnarsson, Jon Viktor"]
[Black "Jensson, Einar Hjalti"]
[Result "1/2-1/2"]
[WhiteTitle "IM"]
[BlackTitle "IM"]
[WhiteElo "2454"]
[BlackElo "2370"]
[WhiteFideId "2300931"]
[BlackFideId "2301067"]
[EventDate "2016.05.31"]

1. e4 e6 2. d4 d5 3. Bd3 dxe4 4. Bxe4 Nf6 5. Bf3 c5 6. Ne2 cxd4 7. Nxd4 e5 8.
Nb5 a6 9. Qxd8+ Kxd8 10. N5c3 Nc6 11. Be3 Bf5 12. Na3 Bxa3 13. O-O-O+ Kc7 14.
bxa3 Rad8 15. Na4 Rxd1+ 16. Rxd1 Be4 17. Bb6+ Kc8 18. Bxe4 Nxe4 19. f3 Nf6 20.
Nc5 Re8 21. g4 Re7 22. Ne4 Nxe4 23. fxe4 Re6 24. g5 Rg6 25. h4 f6 26. Be3 fxg5
27. hxg5 h6 28. gxh6 gxh6 29. Rh1 Rg4 30. Rxh6 Rxe4 31. Bb6 Rc4 32. Rd6 Rh4 1/2-1/2

[Event "ch-ISL 2016"]
[Site "Reykjavik ISL"]
[Date "2016.06.11"]
[Round "11.2"]
[White "Jensson, Einar Hjalti"]
[Black "Steingrimsson, Hedinn"]
[Result "1/2-1/2"]
[WhiteTitle "IM"]
[BlackTitle "GM"]
[WhiteElo "2370"]
[BlackElo "2574"]
[WhiteFideId "2301067"]
[BlackFideId "2300117"]
[EventDate "2016.05.31"]

1. d4 Nf6 2. c4 e6 3. Nf3 d5 4. Nc3 c6 5. Bg5 Nbd7 6. cxd5 exd5 7. e3 Be7 8. Bd3
Ne4 9. Bxe7 Qxe7 10. Qc2 Nd6 11. O-O g6 12. b4 a6 13. a4 O-O 14. b5 a5 15. Rab1
Nf6 16. bxc6 bxc6 17. Ne5 c5 18. Nc6 Qc7 19. dxc5 Nc4 20. Nd4 Ng4 21. g3 Qe5 22.
Bxc4 dxc4 23. Qe4 Qh5 24. h4 Ba6 25. Qd5 Ne5 26. f4 Nd3 27. Qxh5 gxh5 28. c6 Nb4
29. Rfc1 Rfc8 30. Ncb5 Nxc6 31. Rxc4 Nxd4 32. Rxc8+ Rxc8 33. Nxd4 Bd3 34. Rb3
Rc1+ 35. Kf2 Rf1+ 36. Kg2 Rd1 37. Kf2 Rf1+ 38. Kg2 Rd1 39. Kf2 1/2-1/2

[Event "ch-ISL 2016"]
[Site "Reykjavik ISL"]
[Date "2016.06.11"]
[Round "11.3"]
[White "Kjartansson, Gudmundur"]
[Black "Gunnarsson, Jon Viktor"]
[Result "1-0"]
[WhiteTitle "IM"]
[BlackTitle "IM"]
[WhiteElo "2457"]
[BlackElo "2454"]
[WhiteFideId "2301318"]
[BlackFideId "2300931"]
[EventDate "2016.05.31"]

1. e4 c5 2. Nf3 d6 3. d4 cxd4 4. Nxd4 Nf6 5. Nc3 a6 6. h3 e6 7. g4 Be7 8. g5
Nfd7 9. h4 b5 10. Bg2 Bb7 11. f4 Qc7 12. f5 e5 13. Nb3 Nb6 14. Na5 Bc8 15. Be3
d5 16. exd5 Bb4 17. d6 Bxd6 18. Bxa8 Nxa8 19. Nb3 Bb7 20. Rg1 O-O 21. Qg4 Rc8
22. Ne4 Bf8 23. Nf6+ Kh8 24. Nxh7 Qxc2 25. Nxf8 Rxf8 26. Qh5+ Kg8 27. g6 fxg6
28. fxg6 1-0

[Event "ch-ISL 2016"]
[Site "Reykjavik ISL"]
[Date "2016.06.11"]
[Round "11.4"]
[White "Johannsson, Orn Leo"]
[Black "Thorfinnsson, Bragi"]
[Result "1-0"]
[BlackTitle "IM"]
[WhiteElo "2226"]
[BlackElo "2426"]
[WhiteFideId "2303051"]
[BlackFideId "2300958"]
[EventDate "2016.05.31"]

1. e4 c5 2. Nf3 e6 3. d3 Nc6 4. g3 d5 5. Nbd2 Nf6 6. Bg2 Be7 7. O-O O-O 8. e5
Nd7 9. Re1 Qc7 10. Qe2 b5 11. Nf1 Bb7 12. h4 Rfe8 13. Bf4 Rac8 14. N1h2 Nd4 15.
Nxd4 cxd4 16. Rec1 Qb6 17. h5 a5 18. g4 f6 19. Nf3 fxe5 20. Nxe5 Nxe5 21. Bxe5
Bd6 22. g5 Qc7 23. f4 Bxe5 24. Qxe5 Qxe5 25. fxe5 Rf8 26. Bh3 Kf7 27. Rf1+ Ke7
28. Rxf8 Rxf8 29. Rf1 Rxf1+ 30. Kxf1 b4 31. Ke1 Bc8 32. Kd2 Kd7 33. h6 g6 34.
Bg4 Ke7 35. a3 bxa3 36. bxa3 Bd7 37. Kc1 Bb5 38. Kb2 Ba4 39. Bd1 Kf7 40. Bf3 Ke7
41. c4 Bc6 42. Kc1 Kf7 43. Kd2 Ke7 44. Ke1 Bb7 45. Kf2 Bc6 46. Kg3 Kf7 47. Kf4
Ke7 48. Bg2 Bb7 49. cxd5 Bxd5 50. Be4 Kf7 51. Bf3 a4 52. Be4 1-0

[Event "ch-ISL 2016"]
[Site "Reykjavik ISL"]
[Date "2016.06.11"]
[Round "11.5"]
[White "Ingvason, Johann"]
[Black "Hjartarson, Johann"]
[Result "0-1"]
[BlackTitle "GM"]
[WhiteElo "2142"]
[BlackElo "2547"]
[WhiteFideId "2301431"]
[BlackFideId "2300044"]
[EventDate "2016.05.31"]

1. e4 e5 2. Nf3 Nc6 3. d4 exd4 4. Bc4 Nf6 5. e5 d5 6. Bb5 Ne4 7. Nxd4 Bc5 8. Be3
Bd7 9. Bxc6 bxc6 10. O-O Qe7 11. f3 Nd6 12. Re1 Nc4 13. Bf2 Nxb2 14. Qc1 Nc4 15.
Nd2 Nxd2 16. Qxd2 O-O 17. a4 Rfb8 18. Re2 a5 19. c3 Bb6 20. Qf4 h6 21. g4 c5 22.
Nf5 Qe6 23. Rd1 Re8 24. h4 c4 25. Nd4 Bxd4 26. Qxd4 Bxa4 27. Ra1 Bb3 28. Qc5 a4
29. Ra3 c6 30. Re1 h5 31. gxh5 Qf5 32. Qe3 Qxh5 33. Kh2 Re6 34. Qf4 Rae8 35.
Raa1 Rxe5 36. Rg1 Re2 37. Rg5 Qh6 38. Qg3 d4 39. Rg1 g6 40. Kh3 d3 41. Qd6 R8e6
42. Qb8+ Qf8 43. Qg3 d2 44. Bd4 Qd6 45. f4 Qxd4 46. cxd4 R6e3 0-1